K šedesátinám Prof. Ing. Jaromíra Vrbského, CSc. /

Hlavní autor: Holzbecher, Záviš, 1918-2012
Korporativní autor: Vysoká škola chemicko-technologická v Praze
Další autoři: Vrbský, Jaromír, 1923-1999
Jazyk: Čeština
Vydáno: Praha : Státní pedagogické nakladatelství, 1983
Témata:
Fyzický popis: S.5-6
Knihy
Uloženo v:
LEADER 00999nam a22002292a 4500
001 000238519
003 CZ BrMZK
005 20070911141223.0
008 010907s1983 xr f cze d
040 |a BOA001  |b cze  |c BOA002 
100 1 |a Holzbecher, Záviš,  |d 1918-2012  |7 jk01041884  |4 aut 
245 1 0 |a K šedesátinám Prof. Ing. Jaromíra Vrbského, CSc. /  |c Z. Holzbecher 
260 |a Praha :  |b Státní pedagogické nakladatelství,  |c 1983 
300 |a S.5-6 
580 |a Separát z: Sborník Vysoké školy chemicko-technologické v Praze, řada H 18 - Analytická chemie 
700 1 |a Vrbský, Jaromír,  |d 1923-1999  |7 jk01151028  |4 hnr 
710 2 |a Vysoká škola chemicko-technologická v Praze  |7 kn20010710384 
787 1 8 |t Sborník Vysoké školy chemicko-technologické v Praze 
910 |a BOA001  |b PK-0097.975 
964 |a Vrbský, Jaromír - 1923-1999 - výročí 60. - sborníky 
990 |a BK 
996 7 |b 3119911240  |c PK-0097.975  |l MZK  |r Sklad / do 1 hodiny  |n 1  |w 000238519  |u 000010  |a 1  |e BOA001  |j MZK50  |s A